000 00303nam a22001337a 4500
008 170130b xxu||||| |||| 00| 0 eng d
020 _a0192632698
041 _aeng
080 _23RD
_a61
100 _a3
101 _aSHM
245 _aAN INTRODUCTION TO MEDICAL STATISTICS
_cBLAND, M
942 _2udc
_cBK
999 _c3950
_d3950